=LDR 00000nam 2200000 4500 =001 INLIS000000000035978 =005 20130612141807 =008 ***********************************Ind** =035 ##$$0010-061300000035978 =041 ##$$a Ind =082 ##$$a 899.213 =090 ##$$a 899.213, Men s =100 ##$$a Hakim Zainal =245 ##$$a Sekar Boleh Mentari =260 ##$$a 2004 $b Jakarta =300 ##$$a xiii,224 Hlm, 20 cm =850 ##$$a NBPNMAT